[Event "Stepanakert-B"]
[Site "Stepanakert"]
[Date "2005.10.04"]
[Round "3"]
[White "Galstian, Beniamin"]
[Black "Lopez Martinez, Josep Manuel"]
[Result "1-0"]
[WhiteElo "2474"]
[BlackElo "2505"]
[Annotator "Psakhis,L"]
[PlyCount "87"]
[EventDate "2005.10.02"]
[EventType "tourn"]
[EventRounds "9"]
[EventCountry "ARM"]
[EventCategory "11"]
[SourceTitle "CBM 110"]
[Source "ChessBase"]
[SourceDate "2006.01.31"]
[SourceVersion "1"]
[SourceVersionDate "2006.01.31"]
[SourceQuality "1"]

1. e4 e6 2. d4 d5 3. Nc3 Bb4 4. e5 Ne7 5. a3 Bxc3+ 6. bxc3 c5 7. Nf3 Qa5 8. Bd2
Bd7 9. a4 Nbc6 10. Bb5 Qc7 11. O-O h6 {I don't this that this is obligatory
move.} ({It is not easy to equalize game after} 11... Na5 12. Bd3 Nc4 13. Bc1
h6 14. Re1 O-O-O (14... cxd4 15. cxd4 Rc8 16. Nh4 (16. Nd2 $5) 16... Qa5 17.
Bxc4 Rxc4 18. Ba3 Rxa4 19. Bxe7 Kxe7 20. Rb1 Rc8 21. Re3 Rcc4 22. Rd3 Rc3 {
0-1 Bratovic,B (2240)-Bartel,M (2415)/EUR t-ch B18 Balatonlelle 2002/(35)}) 15.
Bxc4 dxc4 16. Ba3 Nd5 17. Bxc5 Nxc3 18. Qd2 Nd5 19. a5 $36 {1/2-1/2 Bobras,P 
(2435)-Bartel,M (2417)/POL-ch Warsaw 2002/ (23)}) ({but it will be interesting
to see how White can pretend even for slight advantage after} 11... O-O $1 12.
Bc1 (12. Re1 f6 13. Bf4 Ng6 14. Bg3 f5 15. h4 f4 16. Bh2 cxd4 17. cxd4 Qd8 18.
h5 Nh4 19. Be2 Nxf3+ 20. Bxf3 Na5 21. h6 g6 22. Qd2 Nc4 23. Qb4 b6 24. Bxd5
exd5 25. e6 a5 26. Qb3 Rf6 {1/2-1/2 Gongora,M (2417)-Pecorelli Garcia,H (2430)/
Havana Capablanca-B 2001/ (40)}) (12. dxc5 Nxe5 13. Bf4 Nxf3+ 14. Qxf3 Qc8 15.
Bd6 Re8 16. Bd3 Nf5 17. Bxf5 {1/2-1/2 Zelcic,R (2554)-Psakhis,L (2588) Bled ol}
) 12... b6 13. Ba3 (13. dxc5 bxc5 14. Ba3 Na5 $44) 13... Na5 14. dxc5 Bxb5 15.
cxb6 axb6 16. axb5 Rfc8 $44 17. Bb4 (17. Bd6 Qd7 18. Qd4 $2 (18. Nd4 Rxc3 19.
Bb4 Rc4 $11) 18... Nf5 19. Qxb6 Nc4 $19) 17... Nc4 18. Rxa8 (18. Qd4 Ng6 19.
Rae1 $13) 18... Rxa8 19. Re1 Ng6 $15 20. Bd6 $1 (20. Qd4 Ngxe5 21. Nxe5 Qxe5
22. Qxe5 Nxe5 23. f4 Nc4 24. g4 $15) 20... Nxd6 21. exd6 Qxd6 22. c4 Qc5 $1 $11
{1-0 Nunn,J (2610)-Jussupow,A/Belgrade 1991/ChessBase/[ (39)}) 12. Bc1 (12. Re1
b6 13. Bd3 {White provokes his opponent to close the center.} (13. Bc1 Na5 14.
Bd3 O-O 15. h3 Kh8 16. dxc5 bxc5 17. Nh2 Ng8 18. Ng4 Qd8 19. c4 dxc4 20. Be4
Bc6 21. Qe2 Bxe4 22. Qxe4 Qd5 $132 {Pinkas,K-Socko,B/Lubniewice 2003}) 13... c4
14. Bf1 O-O-O $5 15. g3 $1 Rdf8 16. Bc1 Rd8 (16... f6 $6 {only weaks Black's
structure in the center and on the kingside. So Black has to stay and wait.})
17. Ba3 Be8 18. Bg2 Kb8 19. Nd2 Nc8 20. Nf1 a5 21. Ne3 N6e7 $14 {1/2-1/2
Bruzon,L (2669)-Timman,J (2607)/Curacao m 2005/}) 12... b6 (12... Na5 13. Ba3
Bxb5 (13... b6 $5 {} 14. dxc5 bxc5 15. Bxd7+ Qxd7 16. Bxc5 O-O $44) 14. axb5
cxd4 (14... b6 15. dxc5 bxc5 16. Bxc5 Qxc5 17. Rxa5 Nc6 (17... Qxc3 18. Qa1 $1
$16) 18. Ra4 Qxb5 19. Rg4 $1 $40 {>>}) 15. Bd6 Qb6 (15... Qxc3 $2 16. Ra3 $18)
16. Nxd4 $1 Nc4 $1 (16... Ng6 $2 17. Qh5 { []e6}) 17. Qg4 (17. Bxe7 Kxe7 18.
Qg4 g6 $13) 17... g6 18. Rfe1 $5 (18. Nxe6 $2 fxe6 19. Qxe6 Rh7 $1) (18. Bxe7
$5) 18... Kd7 $1 $13 19. Qf4 Rh7 20. Bb4 {1/2-1/2 Savon,V (2460)-Naumkin,I 
(2490)/Moskva (op) i52 1991/ChessBase}) 13. Ba3 Na5 14. Nd2 Bxb5 15. axb5 O-O
16. Qe2 $146 (16. dxc5 bxc5 17. Nb3 Nxb3 18. cxb3 Ng6 19. f4 Qb6 20. c4 Rfd8
21. Qf3 a6 22. Qf2 d4 23. bxa6 Rdc8 24. f5 Nxe5 25. Qg3 f6 26. fxe6 Qxe6 27.
Bc1 Kh7 28. Bf4 Ng6 29. a7 Nxf4 30. Rxf4 Qe3+ {Arias,G-Ayas,A/Catalynia t-ch
1996/ChessBase/1-0 (45)}) 16... Nb7 {[%csl Rb7]} (16... a6 17. bxa6 Rfc8 $5 {
[%csl Ra6]}) 17. f4 (17. c4 Rfd8 $13) 17... Rfc8 (17... f5 18. c4 $5 $36 (18.
exf6 Rxf6 19. Nf3 $14)) (17... Rac8 $5 {[%cal Gf7f5]}) 18. g4 {[%cal Gf4f5]
It's possible to consider that the opening has taken a favorable turn for
White.} Qd7 19. Qd3 Rc7 (19... a6 20. bxa6 c4 21. Qh3 $1 Rxa6 22. Bxe7 Rxa1 23.
Rxa1 Qxe7 24. Nf3 $16 {[%cal Gf4f5]}) 20. f5 {White is ideally developed, now
it is time for action!} cxd4 21. cxd4 Rac8 {[%cal Oc7c2,Gc7c3]} 22. Bb4 $1 Rxc2
23. Rxa7 R2c7 (23... Rb2 $2 24. Bc3 $1 Rxb5 $140 25. Rxb7 Qxb7 26. Qxb5 Rxc3
27. Qe8+ Kh7 28. Qxf7 $18 {[%cal Of7e6,Rf5f6]}) 24. h4 $6 ({Why not simple} 24.
f6 $140 $5 Ng6 25. fxg7 $16 {with clear advantage?}) 24... exf5 25. gxf5 Rc1 (
25... Na5 26. Rxc7 Rxc7 27. Kh1 $16 {[%cal Gf5f6]}) 26. Bxe7 {Unfortunately
for Galstian, he cannot now keep his strong bishop on the board, which greatly
reduces White's attacking potential.} (26. e6 $2 fxe6 27. fxe6 Qxe6 28. Rxb7
Qg4+ 29. Kh2 Rxf1 30. Qxf1 Qxh4+ $11) 26... Qxe7 27. f6 gxf6 (27... Qd7 28. Qg3
) 28. exf6 (28. Qf3 $5 fxe5 29. Qxd5 Qxh4 30. Rxb7 Kh8 $1 $132) 28... Qxf6 29.
Rxb7 {[%tqu "En","White spoiled part of his advantage. What you will do now,
how you can prove it?","","","c8c3","",10,"g8h8","",0,"De","White spoiled part
of his advantage. What you will do now, how you can prove it?","","","c8c3","",
10,"g8h8","",0]} R8c3 $2 {It seems that this move is just bad. After} (29...
Kh8 $140 $1 {[%cal Cg1h2,Cf1f6,Gc8g8]} 30. Qg3 {[%cal Cf6d4,Rb7b8]} Qxd4+ 31.
Qf2 Rxf1+ 32. Kxf1 (32. Nxf1 $2 Rg8+ $19) 32... Rc1+ 33. Kg2 Qg7+ 34. Kh2 Qe5+
35. Kg2 Qg7+ $11 {Lopez Martinez could secure draw.}) 30. Qxc3 Qg6+ 31. Kf2
Rxc3 32. Rg1 $18 Qxg1+ 33. Kxg1 Rd3 34. Nf1 Rxd4 35. h5 {Rest is very simple,
black pawns are weak and Galstian easy brings game to the victory.} Rb4 36.
Rxb6 d4 37. Kf2 Rb2+ 38. Kf3 Rb3+ 39. Ke4 Rh3 40. Rxh6 Kg7 41. Rd6 Rxh5 42. Rd5
Rh1 43. Nd2 Kf6 44. b6 1-0

[Event "USA-ch sf"]
[Site "Denver"]
[Date "1998.11.11"]
[Round "2"]
[White "De Firmian, Nick E"]
[Black "Shaked, Tal"]
[Result "1/2-1/2"]
[WhiteElo "2605"]
[BlackElo "2490"]
[Annotator "Psakhis,L"]
[PlyCount "66"]
[EventDate "1998.11.10"]
[EventType "match"]
[EventRounds "4"]
[EventCountry "USA"]
[SourceTitle "CBM 068"]
[Source "ChessBase"]
[SourceDate "1999.02.01"]
[SourceVersion "1"]
[SourceVersionDate "1999.02.01"]
[SourceQuality "1"]

1. e4 e6 2. d4 d5 3. Nc3 Bb4 4. e5 c5 5. a3 Bxc3+ 6. bxc3 Ne7 7. Nf3 Nbc6 8.
Be2 Bd7 9. O-O Qc7 {Rather rare line.Black postpones castle for some time .}
10. Re1 b6 11. dxc5 {Logical ( with pair of good bishops white open game) but
not very dangerous move for black, because they always will get contrplay
against e5 pawn.} ({This is very strange but in my database I found just one
game, where opponents reached this position, and White choose another plan,
but without success-} 11. Bd3 h6 12. Be3 Na5 13. Nd2 c4 14. Bf1 Ba4 15. Ra2
O-O-O 16. g3 Nac6 17. f4 f6 18. exf6 gxf6 19. Bh3 f5 $15 {0-1 Calvo,R-Diez del
Corral,J/Palma de Mallorca 1967 (61)}) 11... bxc5 12. c4 O-O 13. Bd3 h6 $1 14.
cxd5 exd5 15. Bf4 Qc8 $5 {[%cal Gd7f5] Black will be absolutely out of
troubles if the will be able to exchange bishops.} 16. h3 Bf5 17. Qd2 Qe6 {
Shaked played very good in the beggining of the game and his chanses for sure
not worse already.} 18. Qc3 c4 19. Bxf5 (19. Bf1 Rab8 20. Rab1 Rfd8 $13) 19...
Nxf5 {[%cal Gd5d4]} 20. Be3 (20. g4 Nfe7 $11) 20... Rad8 21. Rad1 Rfe8 22. Bc5
Rd7 {[%cal Ge8d8,Gd5d4]} 23. Nd4 $1 Nfxd4 24. Bxd4 Qf5 25. g4 $5 Qf4 26. Qe3
Qxe3 27. Rxe3 Rde7 (27... g5 $5) 28. f4 g5 29. fxg5 {Easiest way to the draw,
Black will keep some, let,s say moral advantage after} (29. Rf3 gxf4 30. Rxf4
Nxd4 31. Rfxd4 Rxe5 32. Rxd5 Rxd5 33. Rxd5 Re2) 29... hxg5 30. Bc5 (30. Bc3 Rd8
$5) 30... Rxe5 31. Rxe5 Rxe5 32. Kf2 $1 (32. Bd6 Re2 33. Rxd5 Rxc2 34. Rxg5+
Kh7 35. Rc5 Nd4 $36) 32... d4 33. Bxd4 Nxd4 (33... Nxd4 34. Rxd4 Ra5 35. Rxc4
Rxa3 $11) 1/2-1/2

[Event "Golombek Memorial"]
[Site "Paignton"]
[Date "2000.09.08"]
[Round "6"]
[White "Nunn, John DM"]
[Black "Hillarp Persson, Tiger"]
[Result "1-0"]
[WhiteElo "2578"]
[BlackElo "2549"]
[Annotator "Psakhis,L"]
[PlyCount "83"]
[EventDate "2000.09.03"]
[EventType "tourn"]
[EventRounds "11"]
[EventCountry "ENG"]
[EventCategory "11"]
[SourceTitle "CBM 079"]
[Source "ChessBase"]
[SourceDate "2000.11.21"]
[SourceVersion "1"]
[SourceVersionDate "2000.11.21"]
[SourceQuality "1"]

1. e4 e6 2. d4 d5 3. Nc3 Bb4 4. e5 c5 5. a3 Bxc3+ 6. bxc3 Ne7 7. a4 Qa5 8. Bd2
Nbc6 9. Nf3 Bd7 10. Bb5 $5 {Dr. Nunn has a huge experience in this line.} f6 ({
I would prefer here} 10... Qc7 $5 11. O-O b6 12. Re1 h6 13. Bd3 O-O 14. g4 $5
c4 15. Bf1 f6 16. exf6 Rxf6 17. g5 hxg5 18. Bxg5 Rg6 $132 {1/2-1/2 Rogers,
I-Arizmendi,J/New York op 1998 (49)}) 11. Qe2 ({After} 11. O-O $6 {Black has
no problems, for example} fxe5 12. c4 Qc7 13. cxd5 Nxd4 14. dxe6 Bxb5 15. axb5
O-O 16. Nxd4 cxd4 17. Bb4 Rfe8 18. Bxe7 Rxe7 19. f4 Rxe6 $17 {0-1 Kerek,
K-Berkes,F/HUN t-ch 1999 (46)}) 11... Qc7 (11... fxe5 12. Nxe5 Nxe5 13. Qxe5
Bxb5 14. c4 Qb6 15. cxb5 O-O 16. dxc5 Qxc5 17. Qxe6+ Kh8 18. O-O Nf5 19. Qd7
$36 {1/2-1/2 Saravanan,V-Harikrishna,P/IND-ch Mumbai 2000/ (52)}) 12. O-O a6 $5
(12... fxe5 13. Bxc6 Nxc6 14. Nxe5 Nxe5 15. Bf4 O-O 16. Bxe5 Qa5 17. Rfb1 b6
18. Ra3 c4 19. Bd6 Rf7 20. Bb4 Qa6 21. a5 $16 {[%csl Gb4,Rd7] 1-0 Chandler,
M-Levitt,J/Lloyds Bank 1994 (52)}) 13. Bxc6 Nxc6 14. Bc1 $1 {[%cal Gc1a3] This
is a well-known, but still very effective manoeuvre.} (14. Rfe1 O-O-O 15. dxc5
fxe5 16. Nxe5 Qxe5 17. Qxe5 Nxe5 18. Rxe5 Rhf8 19. Be3 Rf5 20. Bd4 g5 21. a5 g4
22. Rae1 Rdf8 $44 {1/2-1/2 Cabrilo,G-Drasko,M/YUG-CUP Budva 1996 (29)}) (14.
Bf4 $6 {Nunn,J} cxd4 15. cxd4 Na5 16. Bg3 f5 $15 {[%csl Rc2][%cal Gc7c4]})
14... cxd4 (14... fxe5 {Nunn,J} 15. Nxe5 O-O (15... Nxe5 16. Bf4 $16) 16. Nxd7
Qxd7 17. Ba3 $14 {[%csl Ga3]}) (14... O-O {Nunn,J} 15. exf6 Rxf6 16. Bg5 Rf7
17. Bh4 $14 {[%cal Gh4g3,Gf3e5]}) 15. exf6 gxf6 16. Nxd4 $5 Qe5 (16... O-O-O {
Nunn,J} 17. Nxe6 Rhe8 18. Nxc7 Rxe2 19. Nxd5 $16 {[%csl Rf6]}) 17. Qd2 Rg8 $146
({Black previously tried} 17... Nxd4 $5 18. cxd4 Qf5 19. Qb4 {[%cal Gb4f8]} Rg8
20. Ra3 (20. Re1 $5 {- game}) 20... Bc6 21. Rg3 Kf7 $1 {Nunn,J} (21... O-O-O
22. Qe7 e5 23. a5 Bb5 24. Re1 Rxg3 25. hxg3 Re8 26. Qc5+ Bc6 27. Ba3 Qd7 28.
Bb2 $16 {Nunn,J-Kindermann,S/Wien 1991/Inf 53/ 1-0 (49)}) 22. Ba3 Rae8 23. c3
$13 {Presumably, Nunn was happy to repeat this line and probably had something
in mind.}) 18. Re1 (18. f4 Qe4 19. f5 e5 20. Ba3 $1 O-O-O (20... Nxd4 21. cxd4
Qxd4+ 22. Qxd4 exd4 23. Rae1+ $16) 21. Ne6 Bxe6 22. fxe6 Rg6 {[%csl Re6][%cal
Gd8g8]}) 18... Nxd4 19. cxd4 (19. Rxe5 $2 Nf3+ $19) 19... Qf5 20. Qb4 $5 O-O-O
21. Ra3 {This rook lift allows White not only create concrete threats, but
also to organise protection for his own king.} Bc6 22. Rg3 (22. Rae3 e5 $1 23.
dxe5 $140 d4) 22... e5 ({Here} 22... h5 $5 {[%cal Gh5h4] was worth considering,
for example} 23. Rxg8 (23. h4 $5) 23... Rxg8 24. Qe7 e5 $1 $132) 23. Bb2 $1 e4
24. Bc1 h5 25. h4 Rg4 (25... Rxg3 26. fxg3 {[%csl Rc8][%cal Gc1f4]}) 26. Rxg4
Qxg4 27. Qe7 Qf5 (27... Qxh4 28. g3 Qh3 29. Bf4 Qd7 30. Qxf6 Re8 $13 {[%cal
Gc6a4]}) 28. g3 Rd7 (28... Bxa4 29. Bf4 Qd7 30. Qxf6 Re8 31. Qh6 $5 {[%csl Rh5]
}) 29. Qc5 Rd8 30. Bf4 $16 {[%csl Rc6,Gf4] White's advantage is apparent, as
his bishop is much stronger than his black counterpart.} Qe6 31. f3 $5 f5 32.
fxe4 fxe4 (32... dxe4 33. c4 $18 {[%cal Rd4d5]}) 33. Be5 {[%cal Ge1f1,Gf1f6]}
Rd7 (33... Kd7 34. Rf1 Rg8 35. a5 $16) 34. Qf8+ (34. Qa7 Rf7) 34... Rd8 35. Qg7
Qd7 36. Qg6 Qe8 (36... Rf8 37. Qxh5 Bxa4 $14) 37. Qh6 Bxa4 38. Rf1 Bc6 (38...
Bb5 $5 39. Rf6 Qe7 40. Bd6 $36) 39. Rf6 {Black is still a pawn up, but the
unsafe position of Black´s king makes his life hard. White proves it
energetically:} a5 40. Qf4 (40. Qh7 $5 $18 Bd7 $140 (40... Rd7 41. Qf5 {
[%cal Rf6f8]}) 41. Rd6 e3 42. Rxd5 {[%cal Rd5c5]} b6 43. Rd6 {[%cal Rd6c6,
Rh7e4]}) 40... a4 41. Rf7 $18 {It seems that Black's position can no longer be
saved - there are too many white pieces pointed at the black king which is
almost alone.} Bd7 (41... a3 42. Rc7+ Kb8 43. Rxc6+ Ka8 44. Rc3) 42. Bb8 $1 {
[%cal Rf4c7]} 1-0

[Event "Dos Hermanas-A"]
[Site "Dos Hermanas"]
[Date "2005.04.02"]
[Round "2"]
[White "Felgaer, Ruben Alejandro"]
[Black "Rustemov, Alexander"]
[Result "1-0"]
[WhiteElo "2593"]
[BlackElo "2573"]
[Annotator "Psakhis,L"]
[PlyCount "87"]
[EventDate "2005.04.01"]
[EventType "tourn"]
[EventRounds "9"]
[EventCountry "ESP"]
[EventCategory "16"]
[SourceTitle "CBM 107"]
[Source "ChessBase"]
[SourceDate "2005.08.01"]
[SourceVersion "1"]
[SourceVersionDate "2005.08.01"]
[SourceQuality "1"]

1. e4 e6 2. d4 d5 3. Nc3 Bb4 4. e5 c5 5. a3 Bxc3+ 6. bxc3 Ne7 7. a4 Nbc6 8. Nf3
Qa5 9. Qd2 f6 (9... Bd7 10. Bd3 c4 11. Be2 f6 12. O-O O-O-O 13. Ba3 Ng6 14. Bd6
Rde8 15. Rfb1 Nce7 16. Bb4 Qc7 17. Bc5 Qa5 18. Qe1 h5 19. Bf1 Nf5 $13 {
Biering-Marszalek,Primorsko 1974}) (9... c4 10. g3 O-O 11. Bg2 f6 12. exf6 Rxf6
13. O-O Bd7 14. Ba3 Re8 15. Nh4 Nc8 16. f4 $16 {Smislov-Boleslavski,SSSR 1941})
(9... b6 10. Bb5 Ba6 (10... Bd7 11. Ba3 $14) 11. Rb1 Rc8 12. dxc5 bxc5 13. c4
Bxb5 14. cxb5 Qb6 15. O-O O-O 16. Qg5 Ng6 17. Bd2 Na5 18. h4 Nc4 19. h5 h6 {
0-1 Del Rio Angelis,S-Pecorelli Garcia,H/Varadero Capablanca-C 2000/ChessBase 
(39)}) (9... cxd4 10. cxd4 Qxd2+ 11. Bxd2 Nf5 12. Bc3 (12. c3 $2 Na5 $1) 12...
Bd7 (12... f6 13. g4 Nh6 14. h3 Nf7 $16) 13. Bd3 Rc8 14. Kd2 O-O 15. a5 $14 Rc7
16. Rhe1 f6 $6 (16... a6 $142) 17. Bxf5 $1 exf5 18. exf6 Rxf6 19. Rab1 h6 20.
Rb5 $1 $16 {Smyslov,V-Letelier,R/Venice 1950/ChessBase (46)}) 10. Bb5 (10. exf6
gxf6 11. Ba3 c4 (11... cxd4 12. cxd4 Qxd2+ 13. Kxd2 Nf5 $11 14. c3 Rg8 15. g3
Na5 16. Rb1 Kd7 17. Bb4 Nc6 18. Bb5 Nd6 19. Bd3 Rg7 20. Rhe1 Kc7 21. a5 Nxb4
22. Rxb4 Bd7 {(Bohak) 1-0 Pezdirc Praznik,Z-Zelic,M/corr 1978/Megacorr (45)})
12. g3 Bd7 13. Bh3 Ng6 14. O-O O-O-O 15. Rfe1 Rde8 16. Re2 h5 17. Qe1 Nd8 18.
Bg2 h4 19. Nxh4 Nxh4 20. gxh4 Qc7 21. f3 Reg8 22. Bc1 Nf7 {0-1 Sigalas,
F-Halkias,S/Athens Acropolis op 2004/The Week in Chess 524 (48)}) (10. Ba3 fxe5
11. dxe5 Qxa4 $1 12. Be2 b6 13. c4 Nd8 $1 $17 {Kuijpers-Korcnoj Wijk aan Zee
1971}) 10... Bd7 11. exf6 gxf6 12. O-O (12. Ba3 $5 cxd4 13. Nxd4 $6 Nxd4 14.
Qxd4 Bxb5 (14... e5 $5) 15. Qxf6 O-O-O 16. axb5 Rhe8 17. Qxe6+ Rd7 18. O-O Qxc3
19. Bd6 Kd8 20. Rfe1 Qh8 21. Be5 Qf8 22. Rxa7 {1-0 Cabrilo,G-Bonin,J/New York
op 1990/ChessBase (22)}) 12... O-O-O 13. Ba3 cxd4 14. Nxd4 $1 (14. cxd4 $143
Qxd2 15. Nxd2 Nf5 16. c3 e5 $11) 14... e5 $5 $146 {A new move, which actually
doesn't change the evaluation of this line as clearly favourable for White.} (
14... Qc7 $2 15. Bxc6 bxc6 $2 (15... Nxc6 16. Nb5 $40) 16. Bxe7 {1-0 Felgaer,
R-Marinangeli,M/Maestros vs Olavarria 2002/IXM (16)}) 15. Nb3 (15. Nxc6 $5 Nxc6
16. Bb4 Qc7 (16... Nxb4 17. cxb4 Qc7 18. Qxd5 $16) 17. Qxd5 Rhg8 $14) 15... Qc7
16. Nc5 {White obtain a very nice position from the opening. He has advantage
of two bishops and knight on c5 is very strong.} Rhg8 {[%cal Gg8g2]} 17. Rfb1
$1 {[%cal Cd7h3,Cg8g2,Gb1b7,Gb5f1]} Nf5 (17... Bh3 $5 18. Bf1 $14) (17... Ng6
$142 $5 {[%cal Gg6f4]} 18. Bf1 $1 $14) 18. Qxd5 Nh4 19. g3 $5 (19. Nxd7 Nxg2 $1
) (19. Na6 $2 Nxg2 $3 20. Nxc7 Ne3+ 21. Kh1 Nxd5 22. Nxd5 Bg4 $1 $17 {[%cal
Rg4f3]}) (19. Nxb7 $5 Qxb7 20. g3 $16) 19... Bg4 {Black is trying to create
some threats on the kingside but in this position White's initiative on the
opposite flank develops faster.} (19... Bf5 20. Qxc6 $5 (20. Bxc6 $5) 20...
Qxc6 21. Bxc6 bxc6 22. Na6 $16) 20. Bxc6 $2 {It seems that White
underestimated Black's reply.} (20. Qxc6 $142 $5 Qxc6 21. Bxc6 bxc6 22. Rb7 $16
) 20... Rxd5 $1 21. Bxd5 ({Worth considering} 21. Bxb7+ $5 Qxb7 22. Rxb7 Rgd8
$1 (22... Rxc5 $6 23. Rxa7 $1) 23. gxh4 Bh3 24. f3 Rxc5 $14 {and White has a
small but lasting advantage.}) 21... Nf3+ (21... b6 $5) 22. Kh1 b6 23. h3 $6 (
23. Bxg8 Nd2 $1 24. Bd5 Nxb1 25. Rxb1 bxc5 $13) 23... Bd7 $2 {Black has
obviously lost the thread.} ({Apart from this move, Black had a very strong
and interesting continuation:} 23... Bxh3 $142 $1 24. Bb7+ (24. Bxg8 $2 Qg7 $1
25. Be6+ Bxe6 26. Nxe6 Qb7 $1 $40) 24... Qxb7 (24... Kd8 25. Bxf3 bxc5 26. Rb7
$40) 25. Nxb7 Kxb7 26. a5 f5 $1 $132) 24. Nxd7 Qxd7 25. Bxf3 $16 Qxh3+ 26. Kg1
Rxg3+ $1 27. fxg3 Qxg3+ 28. Bg2 Qe3+ 29. Kf1 Qf4+ 30. Ke2 Qc4+ 31. Kd2 Qf4+ 32.
Kd3 Qg3+ 33. Kc4 ({Rustemov could have offered a tough resistance after} 33.
Ke4 $6 Qxg2+ 34. Kf5 Qf3+ 35. Ke6 Qc6+ $13) 33... Qxg2 34. Kb3 $16 f5 (34... h5
35. Rh1) 35. Rg1 Qd5+ 36. Kb2 {[%csl Gb2]} f4 37. Rg7 {[%csl Rc8]} f3 38. Rh1
$1 {[%csl Rc8] The smoke has been cleared, White has material advantage and
manages to turn it quickly into a win.} e4 (38... f2 39. Rf1 Qf3 40. Rg8+ Kb7
41. Rf8 $18) 39. Rhxh7 $18 e3 (39... f2 40. Rc7+ Kb8 $8 (40... Kd8 41. Rxa7)
41. Rcf7 Qxf7 $140 42. Rxf7 e3 43. Bd6+ Kc8 44. Bg3) 40. Rc7+ Kb8 41. Rce7 Qg8
(41... Qd8 42. Rxe3) 42. Rb7+ Kc8 43. Rhc7+ Kd8 44. Bd6 1-0